[Event "Cto Equipos Aragon 2012 Preferente A"]
[Site "Aragon"]
[Date "2012.03.10"]
[Round "6.33"]
[White "Lana Rodriguez David"]
[Black "Antonano Fedz-Quincoces Avelin"]
[Result "0-1"]
[WhiteElo "2243"]
[BlackElo "2127"]

1.e4 b6 2.Nc3 Bb7 3.d4 e6 4.g3 Bb4 5.Bg2 f5 6.d5 Bxc3+ 7.bxc3 fxe4 8.Qh5+ g6
9.Qe5 Qf6 10.Qxc7 Bxd5 11.Qc8+ Kf7 12.Ne2 Ne7 13.Qc7 Rc8 14.Qd6 e5 15.Qa3 Nbc6
16.h4 Nf5 17.Bg5 Qd6 18.Qb2 h6 19.Be3 Nxe3 20.fxe3 Na5 21.Rd1 Nc4 22.Qc1 Qc5
23.O-O+ Kg7 24.Bxe4 Nxe3 25.Rxd5 Nxd5+ 26.Kh1 Qc4 27.Bg2 Qxe2 28.Bxd5 Rf8 29.
Re1 Qg4 30.Kg2 Rae8 31.Qd2 Rf6 32.Qe3 d6 33.Bf3 Qe6 34.Qe4 Ref8 35.Bg4 Qf7 36.
Rd1 h5 37.Bh3 Rf2+ 38.Kg1 Qxa2 39.Qe1 Qxc2 40.Rxd6 Re2 41.Rd7+ Kh6 42.Qa1 Rff2
43.g4 Rg2+ 0-1

[Event "Cto Equipos Aragon 2012 Preferente A"]
[Site "Aragon"]
[Date "2012.03.10"]
[Round "6.34"]
[White "Cebollada Pacheco Jesus Raul"]
[Black "Aparicio Navarro Pedro"]
[Result "1-0"]
[WhiteElo "2028"]
[BlackElo "2181"]

1.e4 c5 2.Nf3 Nc6 3.c4 Nf6 4.Nc3 e6 5.d4 cxd4 6.Nxd4 Bb4 7.Qd3 d5 8.cxd5 exd5
9.e5 Ne4 10.Nxc6 bxc6 11.Be2 Bf5 12.Qf3 Nxc3 13.Qxf5 Nxe2+ 14.Kxe2 O-O 15.Rd1
Re8 16.Kf1 f6 1-0

[Event "Cto Equipos Aragon 2012 Preferente A"]
[Site "Aragon"]
[Date "2012.03.10"]
[Round "6.35"]
[White "Guzman Moneo Alberto"]
[Black "Najera De Miguel Pedro Jesus"]
[Result "1-0"]
[WhiteElo "2172"]
[BlackElo "1988"]

1.e4 c5 2.Nc3 d6 3.f4 g6 4.d4 cxd4 5.Qxd4 Nf6 6.e5 dxe5 7.Qxd8+ Kxd8 8.fxe5
Nfd7 9.Bf4 g5 10.Bg3 Bg7 11.Nf3 h6 12.O-O-O Nc6 13.Bb5 e6 14.Bxc6 bxc6 15.Rd4
Ke7 16.Rhd1 c5 17.Rd6 Rd8 18.h4 Bb7 19.hxg5 hxg5 20.Nxg5 Bxe5 21.Rxd7+ Rxd7
22.Rxd7+ Kxd7 23.Bxe5 1-0

[Event "Cto Equipos Aragon 2012 Preferente A"]
[Site "Aragon"]
[Date "2012.03.10"]
[Round "6.36"]
[White "Solanas Godes Beatriz"]
[Black "Cerrajeria Ruiz Jesus Maria"]
[Result "0-1"]
[WhiteElo "1881"]
[BlackElo "2141"]

1.e4 c5 2.Nf3 Nc6 3.d4 cxd4 4.Nxd4 e5 5.Nxc6 bxc6 6.c4 Nf6 7.Nc3 Rb8 8.f3 Bc5
9.Qc2 Bd4 10.Ne2 Bb6 11.c5 Ba5+ 12.Bd2 O-O 13.Rd1 Bxd2+ 14.Rxd2 Qa5 15.a3 Rb5
16.Nc3 Rb8 17.Na4 Qd8 18.Be2 Nh5 19.g3 Qg5 20.Kf2 g6 21.Rd6 f5 22.exf5 gxf5
23.Bc4+ Kh8 24.Qd2 f4 25.Rg1 fxg3+ 26.hxg3 Qf5 27.Qe2 Nf6 28.Bd3 e4 29.Bxe4
Nxe4+ 0-1

[Event "Cto Equipos Aragon 2012 Preferente A"]
[Site "Aragon"]
[Date "2012.03.10"]
[Round "6.37"]
[White "Neila Castillo Miguel Angel"]
[Black "Ferreruela Romero Jose Joaquin"]
[Result "1-0"]
[WhiteElo "2071"]
[BlackElo "2020"]

1.c4 b6 2.Nc3 Bb7 3.e4 e6 4.d4 Bb4 5.Bd3 c5 6.d5 e5 7.Ne2 d6 8.O-O Bxc3 9.Nxc3
Ne7 10.f4 exf4 11.Bxf4 Ng6 12.Qg4 Bc8 13.Qg3 Nxf4 14.Qxg7 Nh3+ 15.gxh3 Rf8 16.
e5 Bxh3 17.exd6 Kd7 18.Rxf7+ Rxf7 19.Qxf7+ Kc8 20.Bf5+ Bxf5 21.Qxf5+ Nd7 22.
Re1 a6 23.Re7 Rb8 24.Ne4 Rb7 25.Nf6 Kb8 26.Re8 1-0

[Event "Cto Equipos Aragon 2012 Preferente A"]
[Site "Aragon"]
[Date "2012.03.10"]
[Round "6.38"]
[White "Sanmiguel Mateo Luis"]
[Black "Pes Mateo Angel"]
[Result "1/2-1/2"]
[WhiteElo "1958"]
[BlackElo "2069"]

1.e4 c5 2.Nc3 d6 3.g3 Nf6 4.Bg2 e5 5.d3 h6 6.Nge2 Be7 7.h3 Nc6 8.Be3 Nd4 9.Qd2
Qa5 10.Nd5 Qxd2+ 11.Kxd2 Nxd5 12.exd5 Nf5 13.Rae1 O-O 14.Rhf1 b5 15.g4 Nxe3
16.fxe3 Bh4 17.Rd1 f5 18.gxf5 Bxf5 19.Nc3 Rab8 20.Ne4 Be7 21.Rde1 Bg6 22.Rxf8+
Rxf8 23.Re2 Bf7 24.c4 a6 25.Rf2 Rb8 26.Kc1 Bg6 27.b3 a5 28.cxb5 Rxb5 29.Nc3
Rb4 30.Kd2 Be8 31.Kc2 Bh4 32.Rf1 Bd7 33.Ne4 Be7 34.Rf3 a4 35.Rf1 Be8 36.Rb1 a3
37.Kc3 Bf7 38.Nd2 Rb6 39.Nc4 Ra6 40.Be4 Be8 41.Bf5 Bf7 42.Be4 Bd8 43.Rf1 g6
44.Rf2 Kg7 45.Rf1 Be7 46.Rg1 Bd8 1/2-1/2

[Event "Cto Equipos Aragon 2012 Preferente A"]
[Site "Aragon"]
[Date "2012.03.10"]
[Round "6.40"]
[White "Esteban Marin Francisco"]
[Black "Fleta Marin Sergio"]
[Result "0-1"]
[WhiteElo "1635"]
[BlackElo "1669"]

1.e4 d5 2.exd5 Nf6 3.Nf3 Nxd5 4.g3 Bg4 5.Bg2 c6 6.d4 g6 7.c3 Bg7 8.O-O Qc8 9.
Qe1 Bxf3 10.Bxf3 e6 11.Be3 Nd7 12.Nd2 O-O 13.Rb1 Re8 14.Ne4 Bf8 15.c4 N5f6 16.
Qd2 Nxe4 17.Bxe4 Nf6 18.Bg2 Qd7 19.f4 Rab8 20.Bh3 Qc7 21.Bg2 c5 22.b3 Red8 23.
Rfd1 cxd4 24.Bxd4 Rxd4 25.Qxd4 Bc5 0-1

[Event "Cto Equipos Aragon 2012 Preferente A"]
[Site "Aragon"]
[Date "2012.03.10"]
[Round "6.41"]
[White "Planas Torrea Francisco Javier"]
[Black "Malo Guillen Jose Luis"]
[Result "1-0"]
[WhiteElo "2007"]
[BlackElo "2189"]

1.e4 d6 2.d4 Nf6 3.Nc3 g6 4.Nge2 Bg7 5.g3 O-O 6.Bg2 e5 7.h3 c6 8.a4 b6 9.O-O
a6 10.Be3 Nbd7 11.Qd2 Bb7 12.Rad1 Qc7 13.f4 exd4 14.Nxd4 Rfe8 15.Nb3 Bf8 16.
Bf2 b5 17.axb5 axb5 18.Rfe1 b4 19.Nb1 c5 20.e5 dxe5 21.Be3 c4 22.Nc1 Bc5 23.f5
Rad8 24.fxg6 hxg6 25.Qf2 Ne4 26.Bxe4 Bxe4 27.Rxd7 Rxd7 28.Bxc5 Bxc2 29.Na2 Qa5
30.Bxb4 Qxa2 31.Qxc2 Rd3 32.Kh2 Qa6 33.Qf2 Qb7 34.Bc3 Qd5 35.Rf1 f5 36.Nd2 Rd8
37.Nf3 Re8 38.Nh4 Qe6 39.Qc5 Re7 40.Nxg6 1-0

[Event "Cto Equipos Aragon 2012 Preferente A"]
[Site "Aragon"]
[Date "2012.03.10"]
[Round "6.42"]
[White "Alonso Blasco Jose Miguel"]
[Black "Larios Villa Francisco Javier"]
[Result "1-0"]
[WhiteElo "2119"]
[BlackElo "1941"]

1.e4 c5 2.Nf3 Nc6 3.d4 cxd4 4.Nxd4 e5 5.Nb5 a6 6.Nd6+ Bxd6 7.Qxd6 Qf6 8.Qd1
Qg6 9.Nc3 Nge7 10.h4 h5 11.Bg5 f6 12.Be3 f5 13.exf5 Nxf5 14.Nd5 O-O 15.Bc4 Kh8
16.Qd3 b5 17.Bb3 Bb7 18.O-O-O e4 19.Qe2 Na5 20.Nf4 Nxb3+ 21.axb3 Qf7 22.Qxh5+
Qxh5 23.Nxh5 Nxe3 24.fxe3 Bc6 25.Nf4 Rf6 26.g4 Kg8 27.g5 Rf5 28.g6 Raf8 29.Rd6
Rxf4 30.exf4 Rxf4 31.h5 e3 32.Re1 Re4 33.Rd3 e2 34.Rd2 Kf8 35.Rdxe2 Rxe2 36.
Rxe2 Bd5 37.Kd2 Be6 38.Kc3 Ke7 39.Kb4 Kf6 40.Rg2 Bd5 41.Rg1 Be4 42.c3 Bd5 43.
c4 Be6 44.cxb5 axb5 45.Kxb5 Bxb3 46.Kc5 Ke5 47.Re1+ Kf6 48.Kd6 Ba4 49.b4 Kg5
50.Re5+ Kf6 51.b5 Bd1 52.b6 Bf3 53.Rc5 Be4 54.Kxd7 1-0

[Event "Cto Equipos Aragon 2012 Preferente A"]
[Site "Aragon"]
[Date "2012.03.10"]
[Round "6.43"]
[White "Planas Torrea Alberto"]
[Black "Javierre Conesa Alfonso"]
[Result "1-0"]
[WhiteElo "1920"]
[BlackElo "2045"]

1.e4 d6 2.d4 Nf6 3.Nc3 g6 4.Nge2 Bg7 5.g3 O-O 6.Bg2 e5 7.O-O c6 8.a4 a5 9.h3
Nbd7 10.Be3 Nb6 11.dxe5 Ne8 12.exd6 Nc4 13.Bc1 Ncxd6 14.Bf4 Qe7 15.Qc1 f5 16.
Bh6 Nxe4 17.Nxe4 fxe4 18.Nc3 Nf6 19.Bxg7 Kxg7 20.Re1 Qc5 21.Qe3 Qb4 22.Rad1
Be6 23.Rd4 Qe7 24.Nxe4 Rae8 25.Ng5 1-0

[Event "Cto Equipos Aragon 2012 Preferente A"]
[Site "Aragon"]
[Date "2012.03.10"]
[Round "6.44"]
[White "Mombiela De Sus Jose Luis"]
[Black "Marcellan Peire Jesus Eduardo"]
[Result "1-0"]
[WhiteElo "2034"]
[BlackElo "1865"]

1.d4 Nf6 2.Nf3 g6 3.Nbd2 d5 4.b4 Bg7 5.e3 O-O 6.Bd3 Bg4 7.O-O Nbd7 8.Bb2 c6 9.
c4 dxc4 10.Nxc4 Nd5 11.Qb3 Bxf3 12.gxf3 Kh8 13.Kh1 e6 14.Rg1 N7f6 15.a4 Nh5
16.b5 Rc8 17.Ba3 c5 18.Bxc5 Rxc5 19.dxc5 Bxa1 20.Rxa1 Qe7 21.Qb2+ Kg8 22.Nd6
b6 23.cxb6 Qxd6 24.bxa7 Qb6 25.Qd4 Qxd4 26.exd4 Ra8 27.Be4 Rxa7 28.Bxd5 exd5
29.b6 Ra8 30.a5 Nf6 31.b7 Rb8 32.a6 1-0

[Event "Cto Equipos Aragon 2012 Preferente A"]
[Site "Aragon"]
[Date "2012.03.10"]
[Round "6.45"]
[White "Gracia Campo Carlos Alberto"]
[Black "Sierra Aguerri Joaquin"]
[Result "0-1"]
[WhiteElo "2042"]
[BlackElo "2086"]

1.e4 d5 2.exd5 Qxd5 3.Nc3 Qa5 4.d4 c6 5.Bd3 Nf6 6.Ne2 g6 7.O-O Bg7 8.Bd2 O-O
9.f4 Na6 10.f5 Nb4 11.fxg6 hxg6 12.Bc4 Qh5 13.Nf4 Qxd1 14.Raxd1 Bf5 15.Nce2
Nbd5 16.c3 a5 17.Ng3 Bd7 18.Rde1 Rfe8 19.Nd3 a4 20.Nc5 b6 21.Nd3 b5 22.Bxd5
Nxd5 23.Nc5 Nb6 24.Nge4 Bf5 25.h3 b4 26.g4 Bc8 27.Nd6 Rf8 28.Rxe7 Nd5 29.Rexf7
Rxf7 30.Nxf7 a3 31.bxa3 bxc3 32.Be1 Bxd4+ 33.Bf2 Ne3 34.Nh6+ Kh7 35.Re1 Bxc5
36.Bxe3 Bxe3+ 37.Rxe3 Kxh6 38.Rxc3 Ra6 39.Kf2 Be6 40.Kg3 g5 41.h4 gxh4+ 42.
Kxh4 Bd5 43.Kg3 Kg5 44.Re3 Ra4 45.Re5+ Kg6 46.Re3 Bxa2 47.Rc3 Bd5 48.Kh4 Rc4
49.Re3 Re4 50.Rc3 Bc4 51.a4 Bd5 52.a5 Ra4 53.Rc5 Kh6 54.Kg3 Kg5 55.Kf2 Rxg4
56.Ke2 Ra4 57.Kd3 Kf5 58.Ke3 Ke5 59.Kd3 Kd6 60.Rc1 Rxa5 61.Rg1 Ra3+ 62.Kd2 Kc5
63.Rc1+ Kd4 64.Rb1 Ra2+ 65.Kd1 c5 66.Ke1 Kd3 67.Rc1 c4 0-1

[Event "Cto Equipos Aragon 2012 Preferente A"]
[Site "Aragon"]
[Date "2012.03.10"]
[Round "6.46"]
[White "Fernandez Rubio Rafael"]
[Black "Bayod Rubia Angel"]
[Result "1-0"]
[WhiteElo "2064"]
[BlackElo "2036"]

1.c4 c5 2.Nc3 Nc6 3.g3 g6 4.Bg2 Bg7 5.d3 d6 6.e3 h5 7.Nge2 Nh6 8.Nf4 Bd7 9.a3
Rb8 10.Rb1 Nf5 11.Ne4 Bh6 12.Nd5 Be6 13.b4 cxb4 14.Nxb4 O-O 15.O-O Nxb4 16.
Rxb4 b6 17.Nc3 Bg7 18.Nd5 Bxd5 19.cxd5 b5 20.g4 hxg4 21.Rxg4 Nh6 22.Rg3 Qe8
23.e4 f5 24.Bxh6 Bxh6 25.exf5 Rxf5 26.Be4 Rf6 27.Kh1 Qf7 28.Rfg1 g5 29.h4 Rxf2
30.hxg5 Bg7 31.Qg4 Kf8 32.Rf3 Rxf3 33.Bxf3 Ke8 34.Bg2 Be5 35.Rf1 Qh7+ 36.Bh3
Rd8 37.Qf3 Bf6 38.gxf6 Qh8 39.fxe7 1-0

[Event "Cto Equipos Aragon 2012 Preferente A"]
[Site "Aragon"]
[Date "2012.03.10"]
[Round "6.47"]
[White "Bailo Remacha Santiago"]
[Black "Vera Jimenez Andres"]
[Result "1-0"]
[WhiteElo "2027"]
[BlackElo "2005"]

1.Nf3 d5 2.g3 Nf6 3.Bg2 g6 4.b3 Bg7 5.Bb2 O-O 6.O-O Nbd7 7.d4 Ne4 8.c4 c6 9.
Nc3 Nxc3 10.Bxc3 dxc4 11.bxc4 c5 12.e3 Qc7 13.Qb3 cxd4 14.exd4 Nb6 15.Ba5 Be6
16.Rac1 Bxc4 17.Bxb6 Bxb3 18.Bxc7 Bxa2 19.Ne5 1-0

[Event "Cto Equipos Aragon 2012 Preferente A"]
[Site "Aragon"]
[Date "2012.03.10"]
[Round "6.48"]
[White "Muro Turon Raul"]
[Black "Requena Munguira Jorge"]
[Result "1-0"]
[WhiteElo "1832"]
[BlackElo "1960"]

1.e4 c6 2.d4 d5 3.f3 g6 4.Nc3 Bg7 5.Be3 e6 6.Qd2 Qb6 7.O-O-O Bd7 8.Nge2 Na6 9.
Kb1 O-O-O 10.Nc1 Bf8 11.Nb3 Bb4 12.a3 Bxc3 13.Qxc3 f6 14.Be2 Ne7 15.a4 Kb8 16.
Nc5 Bc8 17.a5 1-0

[Event "Cto Equipos Aragon 2012 Preferente A"]
[Site "Aragon"]
[Date "2012.03.10"]
[Round "6.49"]
[White "Dominguez Bujeda Jesus"]
[Black "Alonso Fdez-Revuelta Rodrigo"]
[Result "1/2-1/2"]
[WhiteElo "2127"]
[BlackElo "2021"]

1.d4 d5 2.c4 c6 3.Nf3 Nf6 4.Nc3 dxc4 5.e4 b5 6.e5 Nd5 7.a4 b4 8.Ne4 e6 9.Bxc4
Be7 10.Qc2 h6 11.O-O O-O 12.Ng3 a5 13.Re1 Nd7 14.Qe4 f5 15.exf6 N7xf6 16.Qc2
Bd6 17.Ne5 Bxe5 18.dxe5 Ng4 19.Bxd5 cxd5 1/2-1/2

[Event "Cto Equipos Aragon 2012 Preferente A"]
[Site "Aragon"]
[Date "2012.03.10"]
[Round "6.50"]
[White "Lucea Valero Alejandro"]
[Black "Martin Catalan Juan Vicente"]
[Result "1-0"]
[WhiteElo "1962"]
[BlackElo "2105"]

1.Nf3 Nf6 2.c4 c5 3.g3 g6 4.Bg2 Bg7 5.Nc3 Nc6 6.O-O O-O 7.d3 d6 8.Ne1 Bd7 9.h3
Rb8 10.f4 a6 11.Rb1 b5 12.e4 Nd4 13.Ne2 bxc4 14.Nxd4 cxd4 15.dxc4 Qc8 16.Kh2
Qxc4 17.b3 Qb5 18.Nc2 e5 19.Ba3 Qb6 20.fxe5 dxe5 21.Bxf8 Rxf8 22.Na3 Qb7 23.
Re1 Bc6 24.Qd3 Nd7 25.Rbc1 Nb6 26.Nc4 Bb5 27.Nd6 Bxd3 28.Nxb7 Nd7 29.Rc7 Nf6
30.Nc5 Bc2 31.Bf1 a5 32.Nd3 Bxd3 33.Bxd3 Bh6 34.Rf1 Ne8 35.Rc5 Bd2 36.Rxe5 Nc7
37.Re7 Ne6 38.Bc4 Nc5 39.Rfxf7 Rxf7 40.Rxf7 Kh8 41.e5 Bb4 42.e6 1-0

[Event "Cto Equipos Aragon 2012 Preferente A"]
[Site "Aragon"]
[Date "2012.03.10"]
[Round "6.51"]
[White "Arpa Pardo Emilio"]
[Black "Buil Montanes Carlos"]
[Result "1/2-1/2"]
[WhiteElo "2047"]
[BlackElo "1924"]

1.c4 e5 2.Nc3 Nc6 3.Nf3 Nf6 4.a3 a6 5.d4 exd4 6.Nxd4 Nxd4 7.Qxd4 Be7 8.e4 d6
9.Be2 O-O 10.O-O Re8 11.b4 c5 12.Qd3 cxb4 13.axb4 d5 14.e5 dxc4 15.Qxc4 Be6
16.Qf4 Nd5 17.Nxd5 Qxd5 18.Ra5 Qb3 19.b5 Qb4 20.Ra1 axb5 21.Qxb4 Bxb4 22.Rb1
Bf8 23.Rxb5 Ra2 24.Bd3 Rd8 25.Bb1 Re2 26.Rxb7 Rxe5 1/2-1/2

[Event "Cto Equipos Aragon 2012 Preferente B"]
[Site "Aragon"]
[Date "2012.03.10"]
[Round "6.53"]
[White "Salamero Pelay Fernando"]
[Black "Garcia Andres Daniel"]
[Result "1-0"]
[WhiteElo "2123"]
[BlackElo "2008"]

1.e4 e5 2.Nf3 Nc6 3.Bb5 a6 4.Ba4 Nf6 5.Qe2 d6 6.c3 b5 7.Bc2 Bg4 8.h3 Bh5 9.d3
h6 10.Nbd2 Be7 11.Nf1 Bg6 12.Ng3 Nh5 13.Nxh5 Bxh5 14.g4 Bg6 15.a4 O-O 16.h4 d5
17.axb5 dxe4 18.dxe4 axb5 19.Rxa8 Qxa8 20.Qxb5 Rb8 21.Qc4 Na5 22.Qe2 Nb3 23.
Bxb3 Rxb3 24.Nxe5 Bxe4 25.f3 Bb7 26.g5 Bd6 27.gxh6 Bxe5 28.Qxe5 Qf8 29.Rg1 g6
30.Qf6 Rb6 31.Rxg6+ Kh7 32.Rg7+ Kh8 33.Qxf7 Qxf7 34.Rxf7 Bd5 35.Rxc7 Bxf3 36.
Be3 Re6 37.Kf2 Be4 38.Bd4+ Kg8 39.Rg7+ Kf8 40.h7 Rh6 41.Rg8+ 1-0

[Event "Cto Equipos Aragon 2012 Preferente B"]
[Site "Aragon"]
[Date "2012.03.10"]
[Round "6.54"]
[White "Calvo Mayayo Jose Maria"]
[Black "Gella Lopez Angel"]
[Result "1/2-1/2"]
[WhiteElo "1931"]
[BlackElo "2080"]

1.c4 Nf6 2.g3 c5 3.Bg2 d5 4.cxd5 Nxd5 5.Nc3 Nc7 6.Nf3 Nc6 7.O-O e5 8.d3 Be7 9.
Be3 Bd7 10.Rc1 O-O 11.a4 Rc8 12.Nd2 b6 13.Nc4 f6 14.f4 exf4 15.Bxf4 Nb4 16.a5
Ne6 17.axb6 axb6 18.Nd6 Bxd6 19.Bxd6 Re8 20.Bb7 Bc6 21.Bxc8 Qxd6 22.Bxe6+ Qxe6
23.Qd2 Nd5 24.e4 Nb4 25.Rce1 Rd8 26.Re3 Bb7 27.Ne2 Bxe4 28.Nf4 Qc6 29.Qe2 Bg6
30.Nxg6 hxg6 31.Re1 Qd6 32.Re8+ Kh7 33.Rxd8 Qxd8 34.Rd1 Qd4+ 35.Qf2 Qg4 36.Rd2
Nc6 37.Qf4 Qh5 1/2-1/2

[Event "Cto Equipos Aragon 2012 Preferente B"]
[Site "Aragon"]
[Date "2012.03.10"]
[Round "6.55"]
[White "Laplaza Ara Carlos"]
[Black "Lafarga Bueno Daniel"]
[Result "1/2-1/2"]
[WhiteElo "2011"]
[BlackElo "1851"]

1.d4 d5 2.Nf3 Nf6 3.c4 c6 4.Nc3 g6 5.cxd5 cxd5 6.e3 a6 7.Bd3 Bg7 8.Bd2 O-O 9.
O-O Nc6 10.a3 Bg4 11.Be2 b5 12.b4 Rc8 13.Qb3 Ne4 14.Rfd1 e6 15.h3 Bxf3 16.Bxf3
f5 17.a4 Qh4 18.Be1 Nxc3 19.Bxc3 g5 20.axb5 axb5 21.Ra6 Nd8 22.Be2 Rb8 23.Be1
f4 24.f3 Qh6 25.Ra5 g4 26.hxg4 fxe3 27.Bg3 Rc8 28.Rxb5 Nc6 29.Qd3 Nxd4 30.Rc5
Ra8 31.Ra5 Rac8 32.Rc5 Ra8 33.Ra5 Rac8 1/2-1/2

[Event "Cto Equipos Aragon 2012 Preferente B"]
[Site "Aragon"]
[Date "2012.03.10"]
[Round "6.56"]
[White "Campo Berdala Carlos"]
[Black "Gomez Zazurca Rodolfo"]
[Result "0-1"]
[WhiteElo "1828"]
[BlackElo "1801"]

1.d4 d5 2.c4 c6 3.Nf3 Nf6 4.Bf4 Bf5 5.e3 e6 6.a3 Bd6 7.Bxd6 Qxd6 8.Nbd2 Nbd7
9.Be2 O-O 10.O-O h6 11.Nh4 Bh7 12.f4 c5 13.Nhf3 cxd4 14.Nxd4 e5 15.N4b3 Rac8
16.Kh1 exf4 17.exf4 Rfe8 18.Rc1 d4 19.Bf3 Bd3 20.Re1 Qxf4 21.Rxe8+ Rxe8 22.Qg1
Re3 23.g3 Qe5 24.Bxb7 Be4+ 25.Bxe4 Nxe4 26.Re1 Nxg3+ 27.Qxg3 Rxe1+ 28.Kg2 Qe2+
29.Qf2 Qg4+ 30.Qg3 Qxg3+ 31.hxg3 Re3 32.Nxd4 Ne5 0-1

[Event "Cto Equipos Aragon 2012 Preferente B"]
[Site "Aragon"]
[Date "2012.03.10"]
[Round "6.57"]
[White "Hernandez Delgado Gabriel"]
[Black "Ferrer Echavarri Fco Javier"]
[Result "1/2-1/2"]
[WhiteElo "1986"]
[BlackElo "1948"]

1.d4 Nf6 2.Nf3 e6 3.Nbd2 d5 4.e3 c5 5.c3 Nc6 6.Bd3 Bd6 7.O-O Qc7 8.dxc5 Bxc5
9.e4 Bd7 10.exd5 Nxd5 11.Ne4 Be7 12.Re1 Nf6 13.Qe2 Nxe4 14.Qxe4 O-O-O 15.Bf4
Bd6 16.Bxd6 Qxd6 17.Rad1 f6 18.Bc4 Qe7 19.b4 e5 20.Bd5 g6 21.b5 Na5 22.Qa4 b6
23.Nd4 Qc5 24.Nb3 Qxb5 25.Qxb5 Bxb5 26.Nxa5 bxa5 27.c4 Ba6 28.Rb1 Kc7 29.f4
exf4 30.Re7+ Rd7 31.Re6 Rd6 32.Re7+ Rd7 33.Rbe1 Rd8 34.Kf2 Rxe7 35.Rxe7+ Rd7
36.Re6 Rd6 37.Re7+ 1/2-1/2

[Event "Cto Equipos Aragon 2012 Preferente B"]
[Site "Aragon"]
[Date "2012.03.10"]
[Round "6.58"]
[White "Sanz Lopez Ruben"]
[Black "De La Riva Fernandez Eduardo"]
[Result "1-0"]
[WhiteElo "1945"]
[BlackElo "1985"]

1.d4 d5 2.e3 Nf6 3.Bd3 Nbd7 4.f4 c5 5.c3 Ne4 6.Nf3 g6 7.O-O Bg7 8.Nbd2 Nd6 9.
Ne5 c4 10.Bc2 O-O 11.e4 e6 12.Nxd7 Bxd7 13.e5 Nf5 14.Nf3 b5 15.a3 Ne7 16.Qe1
a5 17.Qh4 Nf5 18.Qh3 f6 19.g4 Ne7 20.exf6 Bxf6 21.Ne5 Bxe5 22.fxe5 Rxf1+ 23.
Qxf1 Qf8 24.Qh3 Qe8 25.Bh6 g5 26.Rf1 Ng6 27.Bxg5 Bc6 28.Rf6 Ra7 29.Qh5 Nf8 30.
Bh6 Rf7 31.Bxf8 Kxf8 32.Bxh7 Rxf6 33.Qxe8+ Bxe8 34.exf6 Kf7 35.g5 e5 36.dxe5
Ke6 37.g6 b4 38.Bg8+ 1-0

[Event "Cto Equipos Aragon 2012 Preferente B"]
[Site "Aragon"]
[Date "2012.03.10"]
[Round "6.59"]
[White "Labrador Postigo Francisco M"]
[Black "Carilla Garcia Angel"]
[Result "1-0"]
[WhiteElo "1896"]
[BlackElo "1905"]

1.d4 e6 2.c4 f5 3.Nf3 Nf6 4.g3 d5 5.Bg2 c6 6.O-O Bd6 7.b3 Qe7 8.Ne5 Nbd7 9.Bb2
O-O 10.Qc1 Ne8 11.Nd2 Qg5 12.Ndf3 Qxc1 13.Raxc1 Ndf6 14.h4 Ne4 15.c5 Bc7 16.b4
N8f6 17.a4 Bd7 18.Rfd1 Rfb8 19.Ba3 a6 20.Ng5 Re8 21.Nxe4 fxe4 22.Bh3 Bc8 23.b5
axb5 24.Ra1 Rxa4 25.Bb2 Rxa1 26.Rxa1 Bxe5 27.dxe5 Nd7 28.Bd4 Kf7 29.f4 exf3
30.exf3 b6 31.Ra7 bxc5 32.Bxc5 Kg8 33.Bd6 h5 34.Rc7 Kf7 35.Rxc6 d4 36.f4 Rd8
37.Bb4 Nb8 38.Rc7+ Bd7 39.f5 Na6 40.fxe6+ Kg8 41.Rxd7 1-0

[Event "Cto Equipos Aragon 2012 Preferente B"]
[Site "Aragon"]
[Date "2012.03.10"]
[Round "6.60"]
[White "Navarro Sancho Rafael"]
[Black "Machin Torcal Eduardo"]
[Result "0-1"]
[WhiteElo "1802"]
[BlackElo "1810"]

1.e4 e5 2.Nc3 Nf6 3.f4 d6 4.Nf3 Nc6 5.Bb5 exf4 6.d4 Bd7 7.O-O a6 8.Bxc6 Bxc6
9.e5 Ne4 10.Qe1 d5 11.Bxf4 Bb4 12.Bd2 Bxc3 13.Bxc3 Bb5 14.Bb4 Bxf1 15.Qxf1 Qd7
16.a4 Qc6 17.b3 Qb6 18.Qe1 O-O-O 19.Rc1 c5 20.Ba5 Qc6 21.Bxd8 Rxd8 22.c4 Kb8
23.cxd5 Qxd5 24.dxc5 Nxc5 25.Qe3 Nxb3 26.Rc3 Nd4 27.Nxd4 Qxd4 28.Kf2 Rd5 29.
Qxd4 Rxd4 30.Re3 Rxa4 31.e6 fxe6 32.Rxe6 Rf4+ 33.Ke3 Rf7 34.Kd4 Rc7 35.h4 a5
36.h5 b5 37.Kd5 b4 38.g4 a4 39.Re4 Rb7 40.Kc5 a3 0-1

[Event "Cto Equipos Aragon 2012 Preferente B"]
[Site "Aragon"]
[Date "2012.03.10"]
[Round "6.61"]
[White "Hinojar Basa Alfonso"]
[Black "Cebrian Valverde Jose Antonio"]
[Result "1/2-1/2"]
[WhiteElo "2194"]
[BlackElo "2142"]

1.e4 e6 2.d4 d5 3.Nc3 Bb4 4.e5 Ne7 5.a3 Bxc3+ 6.bxc3 c5 7.Nf3 Qa5 8.Bd2 Nbc6
9.Be2 Bd7 10.O-O f6 11.c4 Qa4 12.cxd5 Nxd4 13.Nxd4 Qxd4 14.exf6 Qxf6 15.dxe6
Bc6 16.Bd3 O-O-O 17.Qg4 Rd4 18.Qe2 c4 19.Bxc4 Qg6 20.f3 Qxc2 21.Bb4 Rxc4 22.
Qxc2 Rxc2 23.Bxe7 Re8 24.Bb4 Rxe6 25.Rae1 Ree2 1/2-1/2

[Event "Cto Equipos Aragon 2012 Preferente B"]
[Site "Aragon"]
[Date "2012.03.10"]
[Round "6.62"]
[White "Gimeno Oteo Marco Antonio"]
[Black "Sebastian Bespin Ruben"]
[Result "1-0"]
[WhiteElo "2110"]
[BlackElo "2167"]

1.e4 e6 2.b3 d5 3.Bb2 dxe4 4.Nc3 Nf6 5.Qe2 Be7 6.O-O-O c6 7.f3 exf3 8.Nxf3 Qa5
9.Kb1 Na6 10.Ne5 Bd7 11.g4 h6 12.Bg2 Nb4 13.Rdf1 Rf8 14.Nc4 Qa6 15.a3 Nbd5 16.
Ne4 Nxe4 17.Qxe4 b5 18.Ne5 Nf6 19.Qd3 O-O-O 20.a4 Be8 21.axb5 Rxd3 22.bxa6
Rxd2 23.Bxc6 Bxc6 24.Nxc6 Bc5 25.Rf4 Kc7 26.Ne5 Rfd8 27.Rc4 Kb6 28.Nxf7 Rd1+
29.Rxd1 Rxd1+ 30.Ka2 Nd5 31.Bxg7 Ne3 32.Re4 Nxc2 33.Bc3 Rg1 34.b4 Bf8 35.Kb3
Nxb4 36.Bd4+ 1-0

[Event "Cto Equipos Aragon 2012 Preferente B"]
[Site "Aragon"]
[Date "2012.03.10"]
[Round "6.64"]
[White "Rubio Tello Abel"]
[Black "Ruiperez Gumiel Ramon"]
[Result "1/2-1/2"]
[WhiteElo "1853"]
[BlackElo "1947"]

1.d4 d5 2.Nf3 Nf6 3.Bf4 c5 4.e3 Qb6 5.Nc3 Bd7 6.Rb1 e6 7.Be2 cxd4 8.exd4 Nh5
9.Be5 Nf6 10.O-O Nc6 11.Qd2 Ne7 12.Bd3 Ng6 13.Rfe1 Nxe5 14.Nxe5 Qxd4 15.Nxf7
Ne4 16.Qf4 Qxf2+ 17.Qxf2 Nxf2 18.Nxh8 Bc5 19.Kf1 Nxd3 20.cxd3 O-O-O 21.Ke2
Rxh8 22.Rf1 Be7 23.Rbc1 Kd8 24.a4 a6 25.g3 Bf6 26.b4 Re8 27.b5 a5 28.Rc2 Ke7
29.h4 Kd6 30.b6 Bc6 31.Nb5+ Kd7 32.Na7 Ra8 33.Rfc1 Bxa4 34.Rc7+ {Irreproducible}
1/2-1/2

[Event "Cto Equipos Aragon 2012 Preferente B"]
[Site "Aragon"]
[Date "2012.03.10"]
[Round "6.65"]
[White "Felez Casedas Carlos"]
[Black "Inglan Bielsa Fernando"]
[Result "0-1"]
[WhiteElo "2024"]
[BlackElo "2094"]

1.e4 c5 2.Nc3 d6 3.g3 Nf6 4.Bg2 Nc6 5.d3 g6 6.f4 Bg7 7.Nf3 Nd4 8.e5 Nxf3+ 9.
Bxf3 dxe5 10.fxe5 Nd7 11.e6 fxe6 12.O-O O-O 13.Qe2 Ne5 14.Bg2 Rxf1+ 15.Kxf1
Nc6 16.Ne4 Nd4 17.Qf2 Qa5 18.Be3 Bd7 19.Kg1 Rf8 20.Qd2 Qxd2 21.Bxd2 b6 22.c3
Nf3+ 23.Bxf3 Rxf3 24.Nf2 Bc6 25.Re1 Kf7 26.Bf4 h6 27.Re3 e5 28.Rxf3 Bxf3 29.
Be3 Ke6 30.Kf1 Kd5 31.c4+ Ke6 32.Ke1 Kf5 33.Bd2 h5 34.Nh3 Bf6 35.Ng1 Bc6 36.
Ke2 e4 37.b4 exd3+ 38.Kxd3 Be4+ 39.Ke2 Bd4 40.Nh3 Bb1 41.a3 Kg4 42.Nf2+ Kf5
43.h3 Ba2 44.g4+ hxg4 45.hxg4+ Ke6 0-1

[Event "Cto Equipos Aragon 2012 Preferente B"]
[Site "Aragon"]
[Date "2012.03.10"]
[Round "6.66"]
[White "Maza Broto Pablo"]
[Black "Puertolas Serena Arturo"]
[Result "1-0"]
[WhiteElo "2084"]
[BlackElo "1941"]

1.d4 f5 2.Nf3 Nf6 3.g3 e6 4.Bg2 Be7 5.O-O O-O 6.c4 d6 7.Nc3 Ne4 8.Nd2 Nxc3 9.
bxc3 c6 10.e4 e5 11.dxe5 dxe5 12.exf5 Bxf5 13.Ne4 Na6 14.Be3 Qa5 15.Qb3 Bxe4
16.Bxe4 Nc5 17.Bxc5 Bxc5 18.Qxb7 Qxc3 19.Qxc6 Bxf2+ 20.Kh1 Rad8 21.Rac1 Qd4
22.Rcd1 Qxd1 23.Rxd1 Rxd1+ 24.Kg2 Bd4 25.c5 Rd2+ 26.Kh3 Bg1 27.Qe6+ Kh8 28.c6
Rxh2+ 29.Kg4 h5+ 30.Kg5 Be3+ 31.Kg6 Rhf2 32.Kxh5 Rh2+ 33.Kg4 Rh6 34.Qe7 Rhf6
35.c7 Bb6 36.Qd7 Bxc7 37.Qxc7 Ra6 38.Qxe5 Ra4 39.Kh3 Ra6 40.g4 Rh6+ 41.Kg3 Ra6
42.Bd5 Ra3+ 43.Kg2 Ra6 44.g5 Kh7 45.Qe4+ 1-0

[Event "Cto Equipos Aragon 2012 Preferente B"]
[Site "Aragon"]
[Date "2012.03.10"]
[Round "6.67"]
[White "Puig-Pey Pale Jaime"]
[Black "Rodriguez Leiva Manuel"]
[Result "1/2-1/2"]
[WhiteElo "1775"]
[BlackElo "2046"]

1.b4 e5 2.Bb2 d6 3.c4 Nf6 4.g3 Be7 5.Bg2 O-O 6.Nf3 c6 7.O-O Bg4 8.d3 Qd7 9.
Nbd2 Na6 10.a3 Nc7 11.Qc2 Bh3 12.e4 h6 13.Rad1 Qg4 14.Bc1 Bxg2 15.Kxg2 Ne6 16.
Nh4 Nh5 17.f3 Nhf4+ 18.Kh1 Qh3 19.Nb3 Bxh4 20.gxf4 Nxf4 21.Bxf4 exf4 22.Qg2
Qxg2+ 23.Kxg2 Rae8 24.Nd4 Bf6 25.Nf5 Rd8 26.Kh3 Kh7 27.d4 b6 28.Kg4 g6 29.Nh4
Bxh4 30.Kxh4 f5 31.Rfe1 g5+ 32.Kh5 fxe4 33.Rxe4 Rde8 34.Rde1 Rxe4 35.Rxe4 Kg7
36.Re6 Rf6 37.Re7+ Rf7 38.Re6 Rf6 1/2-1/2

[Event "Cto Equipos Aragon 2012 Preferente B"]
[Site "Aragon"]
[Date "2012.03.10"]
[Round "6.68"]
[White "Buil Rello Jose Antonio"]
[Black "Palacian Campodarve Javier"]
[Result "1-0"]
[WhiteElo "1966"]
[BlackElo "1734"]

1.e4 c5 2.Nf3 d6 3.d4 cxd4 4.Nxd4 Nf6 5.f3 a6 6.c4 e5 7.Nc2 Be7 8.Be3 O-O 9.
Nc3 Be6 10.Qd2 Nbd7 11.Rc1 Rc8 12.b3 h6 13.Be2 Nh7 14.O-O Bg5 15.Rfd1 Bxe3+
16.Nxe3 Qg5 17.Ned5 Kh8 18.Qxg5 Nxg5 19.Rd2 f6 20.Ne7 Nf7 21.Nxc8 Rxc8 22.Rdc2
Nc5 23.b4 Nd7 24.Nd5 f5 25.exf5 Bxf5 26.Ne7 Bxc2 27.Nxc8 Ba4 28.Ne7 Nd8 29.Bd3
Nf6 30.Kf2 Ne6 31.Ke3 Nd8 32.Be4 Nc6 33.Bxc6 bxc6 34.h3 g5 35.Rc3 c5 36.bxc5
dxc5 37.Ng6+ Kg7 38.Nxe5 Be8 39.Ra3 Nh5 40.Rxa6 Nf4 41.Kf2 h5 42.a4 1-0